Η ιστορία του Γερμανικού εργατικού κινήματος : το νέο "ταξικό" όραμα της σοσιαλδημοκρατίας
Αποθηκεύτηκε σε:
| Κύριος συγγραφέας: | |
|---|---|
| Άλλοι συγγραφείς: | , |
| Μορφή: | Βιβλίο |
| Γλώσσα: | Greek German |
| Δημοσίευση: |
Αθήνα :
Παπαζήσης,
1982.
|
| Σειρά: | Προβλήματα σοσιαλισμού και δημοκρατίας
|
| Θέματα: | |
| Ετικέτες: |
Προσθήκη ετικέτας
Δεν υπάρχουν, Καταχωρήστε ετικέτα πρώτοι!
|
MARC
| LEADER | 00000cam a2200000 i 4500 | ||
|---|---|---|---|
| 001 | 1/104017 | ||
| 008 | 950526s1982 gr | ||| |||| ||gre|| | ||
| 035 | |l 10013109 | ||
| 040 | |a GR-MyUA |b gre |e AACR2 | ||
| 041 | 1 | |a gre |h ger | |
| 082 | 0 | |a 322.20943 | |
| 100 | 1 | |a Grebing, Helga. | |
| 245 | 1 | 2 | |a Η ιστορία του Γερμανικού εργατικού κινήματος : |b το νέο "ταξικό" όραμα της σοσιαλδημοκρατίας / |c Χέλγκα Γκρέμπινγκ ; μετάφραση Μ. Πανάγου - Ηλίας Κατσούλης ; επιμέλεια Ηλίας Κατσούλης. |
| 260 | |a Αθήνα : |b Παπαζήσης, |c 1982. | ||
| 300 | |a 489 σ. : |b εικ. ; | ||
| 490 | 1 | |a (Προβλήματα σοσιαλισμού και δημοκρατίας) | |
| 500 | |a Τίτλος πρωτοτύπου: Die geschichte der deutschen arbeuterbewegung. | ||
| 504 | |a Περιέχει βιβλιογραφία. | ||
| 650 | 0 | 0 | |a Labor movement |z Germany |x History. |
| 700 | 1 | |a Κατσούλης, Ηλίας Α. |e edt | |
| 700 | 1 | |a Πανάγου, Μαριάννα, |e trlf | |
| 830 | 0 | |a Προβλήματα σοσιαλισμού και δημοκρατίας | |
| 852 | |a INST |b CHIOS |e 19960409 |h 322.20943 GRE |p 005200006082 |q 005200006082 |t BK |y 0 | ||
| 852 | |a INST |b LESVOS |e 19950526 |h 322.20943 GRE |p 005100004544 |q 005100004544 |t BK |y 0 | ||
| 909 | |a Λ |b 011049 | ||
| 909 | |a Χ |b 000469 | ||